| 000 | 00817nam a22002297a 4500 | ||
|---|---|---|---|
| 005 | 20090922163451.0 | ||
| 008 | 090922t xxu||||| |||| 00| 0 eng d | ||
| 010 | _aB-358168 | ||
| 020 |
_a818341137X _c100.00 (app.) |
||
| 035 | _aB-358168 | ||
| 037 | _bDBAD / PUB | ||
| 040 |
_adpl _bEnglish |
||
| 082 | _aN | ||
| 100 | _aAusten, Jane | ||
| 245 |
_aSense and sensibility / _cby Jane Austen |
||
| 260 |
_aDelhi _bRohan Book Company _c2004 |
||
| 270 |
_aG-22, Indraprastha Apptt. Patpar Ganj, Plot No. 114, _bDelhi _e110092 |
||
| 300 |
_a304p. : _c20cm(Hb) _bill. |
||
| 490 |
_aPopular illustrated classics _v025 |
||
| 942 |
_2ddc _cCH _hN _mAUS |
||
| 999 |
_c30609 _d30609 |
||